From Emeril's Kitchens : favorite recipes from Emeril's restaurants (Record no. 189039)

MARC details
000 -LEADER
fixed length control field 00550nam a2200193Ia 4500
008 - FIXED-LENGTH DATA ELEMENTS--GENERAL INFORMATION
fixed length control field 191130s2003##################000#0#eng##
020 ## - INTERNATIONAL STANDARD BOOK NUMBER
ISBN 9780060185350
082 ## - DEWEY DECIMAL CLASSIFICATION NUMBER
Classification number 641.5 LAG
100 ## - MAIN ENTRY--AUTHOR NAME
Personal name Lagasse, Emeril
245 ## - TITLE STATEMENT
Title From Emeril's Kitchens : favorite recipes from Emeril's restaurants
Statement of responsibility, etc Emeril Lagasse
260 ## - PUBLICATION, DISTRIBUTION, ETC. (IMPRINT)
Place of publication New York
Name of publisher HarperCollins
Year of publication 2003
300 ## - PHYSICAL DESCRIPTION
Number of Pages 342 p. ; 25 cm
500 ## - GENERAL NOTE
General note Includes index
650 ## - SUBJECT ADDED ENTRY--TOPICAL TERM
Topical Term Cooking
991 ## -
-- 301955
Holdings
Withdrawn status Lost status Damaged status Not for loan Home library Current library Shelving location Date acquired Full call number Accession Number Price effective from Koha item type
        Anna Centenary Library Anna Centenary Library 6TH FLOOR, A WING 13.10.2020 641.5 LAG 468199 13.10.2020 English Books

Find us on the map